Promotion of sustainable commercial aquaculture in sub - Saharan Africa

Uloženo v:
Podrobná bibliografie
Hlavní autor: Nathanael Hishamunda
Médium: Kniha
Jazyk:Undetermined
Vydáno: Rome, Italy FAO 2002
Témata:
Tagy: Přidat tag
Žádné tagy, Buďte první, kdo otaguje tento záznam!
Thư viện lưu trữ: Trung tâm Học liệu Trường Đại học Cần Thơ
LEADER 00576nam a2200181Ia 4500
001 CTU_54038
008 210402s9999 xx 000 0 und d
082 |a 338.3727 
082 |b P965//Vol.2 
100 |a Nathanael Hishamunda 
245 0 |a Promotion of sustainable commercial aquaculture in sub - Saharan Africa 
245 0 |c Nathanael Hishamunda, Peter Maining 
260 |a Rome, Italy 
260 |b FAO 
260 |c 2002 
650 |a fisheries,fishery management,fishery policy 
650 |x economic aspects 
980 |a Trung tâm Học liệu Trường Đại học Cần Thơ